MARC details
| 000 -LEADER |
| campo de control de longitud fija |
02366nam a2200301 i 4500 |
| 001 - NÚMERO DE CONTROL |
| campo de control |
151991 |
| 003 - IDENTIFICADOR DE NÚMERO DE CONTROL |
| campo de control |
ES-MaACL |
| 005 - FECHA Y HORA DE LA ÚLTIMA TRANSACCIÓN |
| campo de control |
20250726225952.0 |
| 008 - DATOS DE LONGITUD FIJA--INFORMACIÓN GENERAL |
| campo de control de longitud fija |
931025s1769 sp a |||| | spa d |
| 100 1# - ENTRADA PRINCIPAL--NOMBRE DE PERSONA |
| Nombre de persona |
Berni y Catalá, José. |
| Término indicativo de función/relación |
Autor |
| 9 (RLIN) |
28338 |
| 245 10 - MENCIÓN DEL TÍTULO |
| Título |
Creacion, antiguedad y privilegios de los titulos de Castilla / |
| Mención de responsabilidad, etc. |
que escrive ... Joseph Berni y Català |
| 246 1# - FORMA VARIANTE DEL TITULO |
| Título propio/Titulo breve |
Creación, antigüedad y privilegios de los títulos de Castilla |
| 260 ## - PUBLICACIÓN, DISTRIBUCIÓN, ETC. |
| Lugar de publicación, distribución, etc. |
Valencia : |
| Nombre del editor, distribuidor, etc. |
en la imprenta particular del autor para sus obras : |
| -- |
se hallarà en Madrid, en la casa de Don Angel Corradi : |
| -- |
en Cadiz, en la de Don Manuel Espinosa de los Monteros ... Imprenta de Marina : |
| -- |
y en Valencia, en la de Simon Faure, |
| Fecha de publicación, distribución, etc. |
1769 |
| 300 ## - DESCRIPCIÓN FÍSICA |
| Extensión |
[14], XX, [6], 522, XXVIII páginas, [2] hojas de láminas : |
| Otras características físicas |
ilustraciones ; |
| Dimensiones |
Fol. |
| 530 ## - NOTA DISPONIBLE DE FORMULARIO FÍSICO ADICIONAL |
| Nota de formato físico adicional disponible |
Disponible en formato digital |
| 596 ## - NOTA AL PIE DE IMPRENTA |
| NOTA AL PIE DE IMPRENTA |
Los datos de distribución en pie de imp., constan en antep. |
| 597 ## - NOTA DE DESCRIPCIÓN FÍSICA |
| NOTA DE DESCRIPCIÓN FÍSICA |
Sign. : [ ]7, *-5*2, ¶1, 2¶2, [¶]1, A-Z4, 2A-2Z4, 3A-3T4, 3V-3Z2, 4A-4C2. |
| 597 ## - NOTA DE DESCRIPCIÓN FÍSICA |
| NOTA DE DESCRIPCIÓN FÍSICA |
Antep. |
| 597 ## - NOTA DE DESCRIPCIÓN FÍSICA |
| NOTA DE DESCRIPCIÓN FÍSICA |
Grabados xilográficos intercalados en el texto |
| 599 ## - NOTA A LAS ILUSTRACIONES |
| NOTA A LAS ILUSTRACIONES |
Port. grab. calc.: "Murguia esct. M.". Grab. calc.: "Vincent Galon et Pellicer delt. et sculpt...", p. [9]; "Joseph Camaron delt.", "Galceran Sculpt", p. 113, 117, 125, 129, 133, 148, 166, 200, 203, 226, 246, 274, 360, 417, 482 y 490; "M. Sanchez delt., Murguia sct.", p. 442; Retratos de reyes españoles |
| 599 ## - NOTA A LAS ILUSTRACIONES |
| NOTA A LAS ILUSTRACIONES |
Láminas: grab. calc.: "Joseph Camaron delint." "Vincent Galceran Sculpt. 1766", retrato de Carlos III entre p. [1] y [2], la h. segunda, entre 112 y 113 |
| 650 #4 - PUNTO DE ACCESO ADICIONAL DE MATERIA--TÉRMINO DE MATERIA |
| Término de materia o nombre geográfico como elemento de entrada |
Títulos nobiliarios- |
| Subdivisión geográfica |
Castilla (Reino) |
| 9 (RLIN) |
160268 |
| 651 #4 - PUNTO DE ACCESO ADICIONAL DE MATERIA--NOMBRE GEOGRÁFICO |
| Nombre geográfico |
España- |
| Subdivisión general |
Reyes y soberanos |
| 9 (RLIN) |
8492 |
| 852 ## - LOCALIZACIÓN |
| Ubicación |
ES-MaACL |
| Ubicación en estantería |
Depósito |
| Signatura antigua |
Olim: B-68 |
| Partes que faltan |
Ejemplar falto de port., sustituida por una port. ms. sobre vitela e ilustrada a mano con un esc. real polícromo y con hierros dorados, también sobre vitela, retrato de Carlos III, pintado y decorado a mano |
| Marcas de propiedad |
Sello con escudo real: "Inventariado por las Cortes, 1874" y sello del Real Palacio: "Cambio-duplicado" |
| Donativo/Legado |
Donat. Biblioteca de Palacio, abril 1900 |
| Número de control de estantería |
R-101 |
| Encuadernación |
Piel roja, con hierros y cortes dorados |
| 856 ## - LOCALIZACIÓN Y ACCESO ELECTRÓNICOS |
| Identificador Uniforme de Recursos |
<a href="http://bdh-rd.bne.es/viewer.vm?id=0000050632&page=1 ">http://bdh-rd.bne.es/viewer.vm?id=0000050632&page=1 </a> |
| Texto de enlace |
Versión en línea |
| Nota pública |
(Biblioteca Digital Hispánica) |
| 942 ## - ELEMENTOS DE ENTRADA SECUNDARIOS (KOHA) |
| Fuente del sistema de clasificación o colocación |
Clasificación decimal universal |
| Tipo de ítem Koha |
Libro impreso antiguo |
| Suprimir en OPAC |
No |